00261nam a2200121Ia 45000030006000000080041000060400015000471000010000622450029000722600009001015460012001100050017001220STCL150530s9999 xx 000 0 und d aSTCLcSTCL aHardy aUnder the greenwood tree c1964 aEnglish20220125171055.0